| 000 | 00910nam a22002177a 4500 | ||
|---|---|---|---|
| 005 | 20120817120945.0 | ||
| 010 | _aB-460784 | ||
| 020 |
_a9788189738365 _c2995.00 |
||
| 035 | _aB-460784 | ||
| 037 |
_adpl _bVirtuous Pub/Ven |
||
| 082 | _a230.8 | ||
| 100 |
_aSeth, Pepita _951388 |
||
| 245 |
_aHeaven on Earth: _bthe universe of Keralas Guruvayur temple/ _cby Pepita Seth |
||
| 260 |
_aNew Delhi _bNiyogi Books _c2009 |
||
| 270 |
_aD-78, Okhla Industrial Area,Phase-I _bNew Delhi _e110020 |
||
| 300 |
_a316p. _bcol. _c25 cm. |
||
| 500 | _ait includes glossary | ||
| 942 |
_2ddc _cEN _mSET _h230.8 |
||
| 999 |
_c69097 _d69097 |
||